Govt. of
Madhya Pradesh

Act East to Act Indo-Pacific (Record no. 68606)

MARC details
000 -LEADER
fixed length control field 00301nam a22001097a 4500
082 ## - DEWEY DECIMAL CLASSIFICATION NUMBER
Classification number 327
100 ## - MAIN ENTRY--AUTHOR NAME
Personal name De Prabir
245 ## - TITLE STATEMENT
Title Act East to Act Indo-Pacific
Sub Title India's Expanding Neighbourhood
260 ## - PUBLICATION, DISTRIBUTION, ETC. (IMPRINT)
Place of publication New Delhi
Name of publisher KW Publishers
Year of publication 2020
650 ## - SUBJECT ADDED ENTRY--TOPICAL TERM
Topical Term International Relations
942 ## - ADDED ENTRY ELEMENTS (KOHA)
Koha item type Books
Holdings
Withdrawn status Lost status Damaged status Not for loan Home library Current library Date acquired Cost, normal purchase price Full call number Accession Number Price effective from Koha item type
        MACL MACL 11/02/2026 820.00 327/ De CRE040390 11/02/2026 Books